00604nam a22001937a 450000500170000001000140001702000260003103500130005703700130007008200150008310000210009824500550011926000410017427000740021530000240028950000370031360000210035060000390037120100731104228.0 aENG-97033 a9788184350777c750.00 aEN-80566 bDBAD/PUB a306.362083 aAgarwal, Indrani aCombating child trafficking /cby Indrani, Agarwal aNew DelhibAdhyayan Publishersc2008 a4378/4B, 105, J.M.D. House, Ansari Road Daryaganj bNew Delhie110002 av, 263p.c22cm (Hb) aincludes bibliographic and index aChildrens rights aChildren-Crimes against prevention